Peñalara : (Record no. 1622)

MARC details
000 -LEADER
campo de control de longitud fija 01120nas a2200301 i 4500
001 - NÚMERO DE CONTROL
campo de control 1622
003 - IDENTIFICADOR DE NÚMERO DE CONTROL
campo de control ES-MaACL
005 - FECHA Y HORA DE LA ÚLTIMA TRANSACCIÓN
campo de control 20251002201341.0
007 - CAMPO FIJO DE DESCRIPCIÓN FÍSICA--INFORMACIÓN GENERAL
campo de control de longitud fija t|
008 - DATOS DE LONGITUD FIJA--INFORMACIÓN GENERAL
campo de control de longitud fija 950801c1913 sp | | 1 ||pa d
022 ## - NÚMERO INTERNACIONAL NORMALIZADO PARA PUBLICACIONES SERIADAS
Número Internacional Normalizado para Publicaciones Seriadas 0210-5640
080 ## - NÚMERO DE LA CLASIFICACIÓN DECIMAL UNIVERSAL
Número de la Clasificación Decimal Universal 796.52
245 00 - MENCIÓN DEL TÍTULO
Título Peñalara :
Resto del título revista ilustrada de alpinismo : órgano de la Real Sociedad Española de Alpinismo Peñalara /
Mención de responsabilidad, etc. dir., Constancio Bernaldo de Quirós.
246 3# - FORMA VARIANTE DEL TITULO
Título propio/Titulo breve Peñalara (Madrid)
260 ## - PUBLICACIÓN, DISTRIBUCIÓN, ETC.
Lugar de publicación, distribución, etc. Madrid :
Nombre del editor, distribuidor, etc. Real Sociedad Española de Alpinismo Peñalara,
Fecha de publicación, distribución, etc. 1913- (
Fabricante S. Aguirre)
300 ## - DESCRIPCIÓN FÍSICA
Extensión 10 v. :
Otras características físicas il. ;
Dimensiones 22 cm.
310 ## - PERIODICIDAD ACTUAL
Periodicidad actual Mensual
362 0# - FECHAS DE PUBLICACIÓN Y/O DESIGNACIÓN SECUENCIAL
Fecha de publicación y/o designación secuencial N. 1 (oct. 1913)-
500 ## - NOTA GENERAL
Nota general En los años 1922 y 1934 no figura la numeración de los tomos de la revista.
650 #4 - PUNTO DE ACCESO ADICIONAL DE MATERIA--TÉRMINO DE MATERIA
Término de materia o nombre geográfico como elemento de entrada Deportes.
9 (RLIN) 11591
650 #4 - PUNTO DE ACCESO ADICIONAL DE MATERIA--TÉRMINO DE MATERIA
Término de materia o nombre geográfico como elemento de entrada Montañismo.
9 (RLIN) 139850
700 1# - ENTRADA AGREGADA--NOMBRE PERSONAL
Nombre de persona Bernaldo de Quirós, Constancio,
Fechas asociadas al nombre 1873-1959
9 (RLIN) 28215
700 1# - ENTRADA AGREGADA--NOMBRE PERSONAL
Nombre de persona Delgado Úbeda, Julián,
Fechas asociadas al nombre 1895-1962
9 (RLIN) 43490
710 2# - ENTRADA AGREGADA--NOMBRE DE ENTIDAD CORPORATIVA
Nombre de entidad corporativa o nombre de jurisdicción como elemento de entrada Real Sociedad Española de Alpinismo Peñalara
9 (RLIN) 6392
852 4# - LOCALIZACIÓN
Ubicación ES-MaACL
Número de control de estantería Hem-896
866 #0 - MENCIÓN TEXTUAL DE FONDOS--UNIDAD BIBLIOGRÁFICA BÁSICA
Fondos 1917-20,1922-34(1935f.en.)(1936).
Holdings
Estatus retirado Estado de pérdida Estado de daño No para préstamo Colección Biblioteca de origen Biblioteca actual Ubicación en estantería Fecha de adquisición Fuente de adquisición Total de préstamos Signatura topográfica completa Código de barras Visto por última vez Precio de reemplazo Tipo de ítem Koha
        Periódicos y Revistas Biblioteca del Ateneo de Madrid Biblioteca del Ateneo de Madrid Depósito 1 17/01/2008     Hem-896 1001657 23/02/2023 23/02/2023 Revista